Better financing for New York City: final report of the temporary commission on City Finances City of New York, including the first, second and third reports and additional materials (Record no. 488137)

000 -LEADER
fixed length control field 00560cam a22001337a 4500
008 - FIXED-LENGTH DATA ELEMENTS--GENERAL INFORMATION
fixed length control field 180718b1966 xxu||||| |||| 00| 0 eng d
082 ## - DEWEY DECIMAL CLASSIFICATION NUMBER
Classification number B704x747 N42
100 ## - MAIN ENTRY--PERSONAL NAME
Personal name United States. Temporary Commission on City Finances
245 ## - TITLE STATEMENT
Title Better financing for New York City: final report of the temporary commission on City Finances City of New York, including the first, second and third reports and additional materials
260 ## - PUBLICATION, DISTRIBUTION, ETC.
Place of publication, distribution, etc. New York
Name of publisher, distributor, etc. The author
Date of publication, distribution, etc. 1966
300 ## - PHYSICAL DESCRIPTION
Extent 251+p.
500 ## - GENERAL NOTE
General note Chairman: Earl B. Schwulst
700 ## - ADDED ENTRY--PERSONAL NAME
Personal name Schwulst, Earl B. (Chairman)
Holdings
Withdrawn status Lost status Damaged status Not for loan Permanent Location Current Location Date acquired Full call number Barcode Date last seen Price effective from Koha item type
        Indian Institute of Public Administration Indian Institute of Public Administration 2018-08-04 B704x747 N42 GR7821 2018-08-04 2018-08-04 GR

Powered by Koha